| 000 | 00435nam a2200133Ia 4500 | ||
|---|---|---|---|
| 003 | GCL | ||
| 008 | 140319s9999 xx 000 0 ara d | ||
| 040 |
_aGCL / _cGCL |
||
| 082 | 0 | 4 |
_a364.015 _bح ج |
| 100 | 1 | _aحسين عبدالحميد احمد رشوان | |
| 245 | 1 | 0 |
_aالجريمة دراسة فى علم الاجتماع الجنائى / _cحسين عبدالحميد احمد رشوان |
| 300 | _a255 | ||
| 490 |
_a100 قصة _v0 |
||
| 999 |
_c43351 _d43351 |
||